[Event "SLO-chT1 West"]
[Site "Slovenia"]
[Date "2022.10.07"]
[Round "1.4"]
[White "Bradac, Simon"]
[Black "Kobold, Andrej"]
[Result "0-1"]
[WhiteElo "1806"]
[BlackElo "1950"]
[PlyCount "126"]
[EventDate "2022.10.07"]
[EventType "team-tourn"]
[EventRounds "9"]
[EventCountry "SLO"]
[SourceTitle "CBM 210 Extra"]
[Source "ChessBase"]
[SourceDate "2022.11.30"]
[SourceVersion "1"]
[SourceVersionDate "2022.11.30"]
[SourceQuality "1"]
[WhiteTeam "Ilirska Bistrica Rimex"]
[BlackTeam "Komenda"]
[WhiteTeamCountry "SLO"]
[BlackTeamCountry "SLO"]

1. Nf3 e6 2. c4 f5 3. g3 Nf6 4. Bg2 Be7 5. 0-0 0-0 6. b3 d6 7. Bb2 Nc6 8. d3 Qe8 9. Nbd2 e5 10. a3 Qh5 11. b4 g5 12. b5 Nd8 13. a4 Ne6 14. Ba3 Rf7 15. a5 Rb8 16. Nb3 Ng4 17. h3 Nh6 18. c5 g4 19. cxd6 cxd6 20. Nh2 gxh3 21. Bd5 Qg6 22. Kh1 Kh8 23. Nd2 Rg7 24. Nc4 Nc7 25. e4 Nxd5 26. exd5 f4 27. Rg1 fxg3 28. Rxg3 Ng4 29. Nxg4 Bxg4 30. Rxg4 Qxg4 31. Qxg4 Rxg4 32. Nxe5 dxe5 33. Bxe7 Kg7 34. Rc1 Rd4 35. Bc5 Rc8 36. Rg1+ Kf6 37. Bxd4 exd4 38. Rg4 Rc5 39. d6 Rd5 40. Rh4 h5 41. Re4 Rxd6 42. Re8 Rd5 43. Ra8 Rxb5 44. Rxa7 Rb3 45. Kh2 Kf5 46. Ra8 Rxd3 47. Rb8 Ra3 48. Rxb7 Rxa5 49. Kxh3 Rd5 50. Rb2 d3 51. Rd2 Kf4 52. Kg2 Rd4 53. Kh2 Ke5 54. Kg3 Kd5 55. Kf3 Kc4 56. Ke3 Kc3 57. f4 Re4+ 58. Kxe4 Kxd2 59. f5 Ke2 60. f6 d2 61. f7 d1Q 62. f8Q Qd3+ 63. Ke5 Qe3+ 0-1

[Event "Ljubljana-chT 74th"]
[Site "Ljubljana"]
[Date "2022.03.17"]
[Round "9.2"]
[White "Kobold, Andrej"]
[Black "Hafner, Branko"]
[Result "1-0"]
[WhiteElo "1936"]
[BlackElo "1491"]
[PlyCount "53"]
[EventDate "2022.01.13"]
[EventType "team-swiss"]
[EventRounds "9"]
[EventCountry "SLO"]
[SourceTitle "EXT 2024"]
[Source "ChessBase"]
[SourceDate "2023.10.10"]
[SourceVersion "1"]
[SourceVersionDate "2023.10.10"]
[SourceQuality "1"]
[WhiteTeam "Komenda Popotnik"]
[BlackTeam "Menges Trzin II"]
[WhiteTeamCountry "SLO"]
[BlackTeamCountry "SLO"]

1. d4 d5 2. Bf4 e6 3. e3 Nf6 4. c3 c6 5. Bd3 Be7 6. Nd2 0-0 7. Ngf3 b6 8. 0-0 Bb7 9. Qe2 Re8 10. e4 dxe4 11. Nxe4 Nbd7 12. Neg5 h6 13. Nxe6 fxe6 14. Qxe6+ Kh8 15. Bg6 Nf8 16. Qf5 Nxg6 17. Qxg6 Nh7 18. Ne5 Qd5 19. Nf7+ Kg8 20. Nxh6+ Kh8 21. Be5 Bf6 22. Bxf6 Nxf6 23. Nf5 Qd7 24. Rad1 Rf8 25. Rd3 Qf7 26. Rh3+ Kg8 27. Nh6+ 1-0

[Event "SLO-chT 31st"]
[Site "Ljubljana"]
[Date "2021.09.11"]
[Round "2.4"]
[White "Kobold, Andrej"]
[Black "Biti, Ozren"]
[Result "1/2-1/2"]
[WhiteElo "1936"]
[BlackElo "2358"]
[PlyCount "82"]
[EventDate "2021.09.10"]
[EventType "team-tourn"]
[EventRounds "9"]
[EventCountry "SLO"]
[SourceTitle "CBM 204 Extra"]
[Source "ChessBase"]
[SourceDate "2021.11.30"]
[SourceVersion "1"]
[SourceVersionDate "2021.11.30"]
[SourceQuality "1"]
[WhiteTeam "Komenda"]
[BlackTeam "Posocje"]
[WhiteTeamCountry "SLO"]
[BlackTeamCountry "SLO"]

1. d4 d6 2. Nf3 g6 3. g3 Bg7 4. Bg2 Nd7 5. c4 e5 6. Nc3 Ne7 7. 0-0 0-0 8. e4 exd4 9. Nxd4 Nc6 10. Nde2 Nc5 11. Be3 a5 12. Rb1 a4 13. f4 Bg4 14. h3 Bxe2 15. Qxe2 a3 16. b4 Nxb4 17. Rxb4 Bxc3 18. Bxc5 dxc5 19. Rxb7 Rb8 20. e5 Qd4+ 21. Kh1 Rxb7 22. Bxb7 Qd7 23. Qg4 Qxg4 24. hxg4 Rd8 25. Kg2 Kg7 26. Rf3 Rd2+ 27. Rf2 Rd1 28. Rf1 Rd4 29. Bd5 Bb2 30. Rf2 c6 31. Bxc6 Rxc4 32. Re2 Bd4 33. f5 Kf8 34. f6 Rc3 35. Ba4 g5 36. Re1 Re3 37. Rxe3 Bxe3 38. Kf3 Bd4 39. Ke4 Bf2 40. Kf5 Bxg3 41. Bb5 Bf4 1/2-1/2

[Event "SLO-chT1 West 29th"]
[Site "Slovenia"]
[Date "2019.10.19"]
[Round "8.4"]
[White "Plaskan, Jure"]
[Black "Kobold, Andrej"]
[Result "1-0"]
[WhiteElo "2211"]
[BlackElo "1960"]
[PlyCount "71"]
[EventDate "2019.09.20"]
[EventType "team-tourn"]
[EventRounds "9"]
[EventCountry "SLO"]
[SourceTitle "CBM 192 Extra"]
[Source "Chessbase"]
[SourceDate "2019.11.06"]
[SourceVersion "1"]
[SourceVersionDate "2019.11.06"]
[SourceQuality "1"]
[WhiteTeam "Domzale Tajfun"]
[BlackTeam "Komenda"]
[WhiteTeamCountry "SLO"]
[BlackTeamCountry "SLO"]

1. e4 d6 2. d4 Nf6 3. Nc3 g6 4. Be3 Bg7 5. h3 c6 6. Bd3 Nbd7 7. Qd2 Qc7 8. Nf3 0-0 9. 0-0 e5 10. Bh6 Nb6 11. a4 a5 12. Rfe1 Be6 13. Bxg7 Kxg7 14. b3 h6 15. Ne2 Nbd7 16. c4 d5 17. cxd5 cxd5 18. Rac1 Qd6 19. exd5 Bxd5 20. dxe5 Nxe5 21. Nxe5 Qxe5 22. Nc3 Qd4 23. Nb5 Qb6 24. Qb2 Rac8 25. Rcd1 Rfe8 26. Rxe8 Rxe8 27. Bc4 Bxc4 28. Rd6 Re1+ 29. Kh2 Qxd6+ 30. Nxd6 Bd5 31. Qc3 Re6 32. Nb5 Rc6 33. Qxa5 Bxb3 34. Qb4 Bd5 35. a5 Nd7 36. Qd4+ 1-0

[Event "Ljubljana-chT 72nd Superliga"]
[Site "Ljubljana"]
[Date "2019.02.14"]
[Round "5.3"]
[White "Jese, Janez"]
[Black "Kobold, Andrej"]
[Result "0-1"]
[WhiteElo "1807"]
[BlackElo "1954"]
[PlyCount "106"]
[EventDate "2019.01.10"]
[EventType "team-tourn"]
[EventRounds "7"]
[EventCountry "SLO"]
[SourceTitle "EXT 2024"]
[Source "ChessBase"]
[SourceDate "2023.10.10"]
[SourceVersion "1"]
[SourceVersionDate "2023.10.10"]
[SourceQuality "1"]
[WhiteTeam "Medvode"]
[BlackTeam "Komenda Popotnik"]
[WhiteTeamCountry "SLO"]
[BlackTeamCountry "SLO"]

1. e4 Nf6 2. Nc3 d5 3. e5 d4 4. exf6 dxc3 5. bxc3 exf6 6. Nf3 Bd6 7. h3 0-0 8. d4 Re8+ 9. Be2 Qe7 10. Qd3 Bf5 11. Qd1 Nd7 12. Be3 Nb6 13. Bd3 Bxd3 14. Qxd3 Bf4 15. Kd2 Bxe3+ 16. fxe3 Qe6 17. e4 Qxe4 18. Qxe4 Rxe4 19. Rhe1 Rae8 20. Rxe4 Rxe4 21. Kd3 Re7 22. c4 c6 23. Rb1 f5 24. Rb4 f6 25. a4 Kf7 26. a5 Nd7 27. Kd2 b6 28. axb6 axb6 29. d5 c5 30. Ra4 g5 31. Ra6 h5 32. Kd3 f4 33. Kd2 Kg6 34. Ra7 g4 35. hxg4 hxg4 36. Ne1 Kf5 37. Rb7 Rf7 38. Ke2 Ke4 39. c3 Ne5 40. Rxb6 Nxc4 41. Rb5 Rc7 42. Kf2 Ra7 43. Rxc5 Ra2+ 44. Kg1 Ne3 45. d6 g3 46. Rc8 Ra1 47. Re8+ Kd5 48. Rxe3 fxe3 49. Kf1 Kxd6 50. Ke2 Rxe1+ 51. Kxe1 f5 52. Ke2 f4 53. Kf3 Kc5 0-1

[Event "Ljubljana-chT 69th Superliga"]
[Site "Ljubljana"]
[Date "2016.03.31"]
[Round "8.2"]
[White "Solmajer, Luka"]
[Black "Kobold, Andrej"]
[Result "1/2-1/2"]
[WhiteElo "2048"]
[BlackElo "1978"]
[PlyCount "79"]
[EventDate "2016.01.14"]
[EventType "team-tourn"]
[EventRounds "9"]
[EventCountry "SLO"]
[SourceTitle "EXT 2022"]
[Source "ChessBase"]
[SourceDate "2021.10.06"]
[SourceVersion "1"]
[SourceVersionDate "2021.10.06"]
[SourceQuality "1"]
[WhiteTeam "Klinicni Center"]
[BlackTeam "Loka pri Mengsu"]
[WhiteTeamCountry "SLO"]
[BlackTeamCountry "SLO"]

1. Nf3 Nf6 2. c4 e6 3. g3 d5 4. Bg2 Be7 5. 0-0 0-0 6. d4 Nbd7 7. b3 Ne4 8. Bb2 b6 9. Ne5 Bb7 10. Nd2 c5 11. Nxd7 Qxd7 12. dxc5 Nxd2 13. Qxd2 bxc5 14. cxd5 exd5 15. Rfd1 d4 16. Bxb7 Qxb7 17. e3 Bg5 18. f4 dxe3 19. Qd5 Qxd5 20. Rxd5 Bd8 21. Re1 Re8 22. Ba3 Ba5 23. Re2 Bb4 24. Bc1 Rad8 25. Rxd8 Rxd8 26. Bxe3 f6 27. Rc2 Rd5 28. Kf2 Kf7 29. g4 h5 30. h3 hxg4 31. hxg4 Ke6 32. f5+ Kd6 33. Bf4+ Kc6 34. Re2 Ba3 35. Re6+ Kd7 36. Ke2 Rd4 37. Kf3 Rd3+ 38. Re3 Rd4 39. Re4 Rd5 40. Re3 1/2-1/2

[Event "SLO-chT Central 1st League 16th"]
[Site "Slovenia"]
[Date "2015.09.10"]
[Round "1.1"]
[White "Mlakar, Slavko"]
[Black "Kobold, Andrej"]
[Result "1/2-1/2"]
[WhiteElo "1670"]
[BlackElo "1975"]
[PlyCount "106"]
[EventDate "2015.09.10"]
[EventType "team-tourn"]
[EventRounds "9"]
[EventCountry "SLO"]
[SourceTitle "EXT 2022"]
[Source "ChessBase"]
[SourceDate "2021.10.06"]
[SourceVersion "1"]
[SourceVersionDate "2021.10.06"]
[SourceQuality "1"]
[WhiteTeam "Dom In Agencija Neprem"]
[BlackTeam "Loka Pri Mengsu"]
[WhiteTeamCountry "SLO"]
[BlackTeamCountry "SLO"]

1. e4 c5 2. Nf3 Nc6 3. c3 d5 4. exd5 Qxd5 5. Be2 e5 6. d3 Nf6 7. h3 Be7 8. Be3 0-0 9. 0-0 Ne8 10. Nbd2 f5 11. Qb3 Be6 12. Qxd5 Bxd5 13. Nb3 b6 14. Rfe1 Rd8 15. Rad1 Nf6 16. Nh4 g6 17. Nf3 Kg7 18. Bc1 Nd7 19. Kf1 h6 20. Kg1 g5 21. Nh2 Kg6 22. Bf3 Bxf3 23. Nxf3 Bf6 24. Nbd2 b5 25. a3 Nb6 26. Nb3 Nd7 27. Be3 Be7 28. Bc1 a5 29. Na1 Bf6 30. Nc2 a4 31. Re2 h5 32. Ne3 Nb6 33. Nc2 g4 34. Nh2 Kf7 35. Be3 Nd7 36. Bc1 Rg8 37. Kh1 gxh3 38. gxh3 f4 39. Ree1 Nb6 40. Nf3 c4 41. d4 exd4 42. Ncxd4 Nxd4 43. Nxd4 Bxd4 44. Rxd4 Rxd4 45. cxd4 Re8 46. Rxe8 Kxe8 47. Bxf4 Nd5 48. Bd2 Ke7 49. Kg2 Ke6 50. Kg3 Kf5 51. Kf3 Nf6 52. Be1 Nd5 53. Bd2 Nf6 1/2-1/2

[Event "SLO-chT Central Superliga 15th"]
[Site "Slovenia"]
[Date "2014.09.18"]
[Round "2.4"]
[White "Delost, Josko"]
[Black "Kobold, Andrej"]
[Result "0-1"]
[WhiteElo "1749"]
[BlackElo "1946"]
[PlyCount "72"]
[EventDate "2014.09.11"]
[EventType "team-tourn"]
[EventRounds "9"]
[EventCountry "SLO"]
[SourceTitle "EXT 2022"]
[Source "ChessBase"]
[SourceDate "2021.10.06"]
[SourceVersion "1"]
[SourceVersionDate "2021.10.06"]
[SourceQuality "1"]
[WhiteTeam "Rimex"]
[BlackTeam "Komenda Pogi"]
[WhiteTeamCountry "SLO"]
[BlackTeamCountry "SLO"]

1. d4 d5 2. Nf3 Nf6 3. Bf4 e6 4. e3 c5 5. c3 Nc6 6. Bd3 Bd6 7. Bg3 0-0 8. Nbd2 Qc7 9. Qe2 e5 10. dxe5 Nxe5 11. Nxe5 Bxe5 12. Nf3 Bxg3 13. hxg3 Bg4 14. Qc2 g6 15. 0-0-0 c4 16. Be2 Bxf3 17. Bxf3 Qe5 18. Rh4 h5 19. Qd2 Rad8 20. Qd4 Qg5 21. Qxa7 Ra8 22. Qd4 Rxa2 23. Rf4 Ne4 24. Bxe4 dxe4 25. Qxc4 Qa5 26. Rd7 b5 27. Qb3 Ra1+ 28. Kc2 Qa4 29. Rd4 Qa6 30. Rdxe4 Re1 31. Qa3 Qc6 32. Qa7 g5 33. Kd2 Rg1 34. Rxf7 Rxf7 35. Qb8+ Rf8 36. Qe5 Rxf2+ 0-1

[Event "SLO-chT Central Superliga 15th"]
[Site "Slovenia"]
[Date "2014.09.11"]
[Round "1.3"]
[White "Skok, Boris"]
[Black "Kobold, Andrej"]
[Result "1-0"]
[WhiteElo "1991"]
[BlackElo "1946"]
[PlyCount "115"]
[EventDate "2014.09.11"]
[EventType "team-tourn"]
[EventRounds "9"]
[EventCountry "SLO"]
[SourceTitle "EXT 2022"]
[Source "ChessBase"]
[SourceDate "2021.10.06"]
[SourceVersion "1"]
[SourceVersionDate "2021.10.06"]
[SourceQuality "1"]
[WhiteTeam "Komenda Popotnik"]
[BlackTeam "Komenda Pogi"]
[WhiteTeamCountry "SLO"]
[BlackTeamCountry "SLO"]

1. d4 d5 2. c4 e6 3. Nf3 Nf6 4. Nc3 Be7 5. Bf4 0-0 6. e3 a6 7. Rc1 Nh5 8. Be5 f5 9. cxd5 exd5 10. Nxd5 c6 11. Nxe7+ Qxe7 12. Bc4+ Kh8 13. 0-0 Nd7 14. Re1 Nhf6 15. Qc2 Nb6 16. Bd3 Nfd5 17. a3 Be6 18. e4 fxe4 19. Bxe4 Bg4 20. Qd2 Bxf3 21. Bxf3 Qf7 22. Re4 Nf6 23. Rh4 Qg6 24. Qc2 Qxc2 25. Rxc2 Nbd5 26. Rh3 Rae8 27. Bxd5 Nxd5 28. Rg3 Rf7 29. Re2 Kg8 30. Kf1 g6 31. Rg4 Rf5 32. Rge4 Kf7 33. f3 g5 34. h4 Rg8 35. Rf2 h5 36. hxg5 Rgxg5 37. g4 hxg4 38. fxg4 Rxf2+ 39. Kxf2 Rg8 40. Kg3 Kg6 41. Re2 Rf8 42. Rf2 Rxf2 43. Kxf2 Nb6 44. b3 Nd5 45. Kf3 Kg5 46. Bd6 Nb6 47. Be7+ Kg6 48. Ke4 Kf7 49. Bd8 Nd7 50. Kf5 Nf8 51. g5 Ng6 52. Bf6 Nh4+ 53. Ke5 Nf3+ 54. Kd6 Nd2 55. Kc7 b5 56. Kxc6 Nxb3 57. d5 Na5+ 58. Kc7 1-0

[Event "Ljubljana-chT 67th"]
[Site "Gostovanja"]
[Date "2014.03.13"]
[Round "7.2"]
[White "Simicak, Metod"]
[Black "Kobold, Andrej"]
[Result "0-1"]
[WhiteElo "1882"]
[BlackElo "1914"]
[PlyCount "120"]
[EventDate "2014.01.09"]
[EventType "team-tourn"]
[EventRounds "9"]
[EventCountry "SLO"]
[SourceTitle "EXT 2015"]
[Source "ChessBase"]
[SourceDate "2014.11.20"]
[SourceVersion "1"]
[SourceVersionDate "2014.11.20"]
[SourceQuality "1"]
[WhiteTeam "Barob Smarca"]
[BlackTeam "Loka Pri Mengsu"]
[WhiteTeamCountry "SLO"]
[BlackTeamCountry "SLO"]

1. e4 Nf6 2. Nc3 d5 3. e5 d4 4. exf6 dxc3 5. bxc3 exf6 6. Bb5+ c6 7. Bd3 Bd6 8. Qh5 Qe7+ 9. Ne2 Qe5 10. Qxe5+ fxe5 11. 0-0 Nd7 12. a4 0-0 13. Ng3 Nf6 14. Re1 Re8 15. f3 Be6 16. Bb2 Rad8 17. c4 Bc5+ 18. Kf1 Bd4 19. Rab1 Rd7 20. a5 g6 21. Ba3 b6 22. axb6 axb6 23. Ne2 Ra8 24. Nxd4 exd4 25. Ra1 c5 26. Bb2 Re8 27. Ra6 Rd6 28. Rea1 Bc8 29. Ra8 Rde6 30. Rb1 Nd7 31. Kf2 f5 32. Raa1 Ne5 33. Bf1 Nc6 34. Re1 Rxe1 35. Rxe1 Rxe1 36. Kxe1 Kf7 37. c3 Ke6 38. cxd4 Nxd4 39. Bxd4 cxd4 40. f4 Kd6 41. d3 Kc5 42. Kd2 Bb7 43. h3 h5 44. Kc2 h4 45. Kb2 Kb4 46. Kc2 Bc6 47. Kb2 Bb7 48. Kc2 Ka3 49. Kd2 Kb2 50. Ke1 Kc3 51. Kf2 Kd2 52. g3 hxg3+ 53. Kxg3 Ke3 54. h4 Bc6 55. Bh3 Kxd3 56. h5 gxh5 57. Bxf5+ Kxc4 58. Kf2 h4 59. Bg6 d3 60. f5 Be4 0-1

[Event "Ljubljana-chT 67th"]
[Site "Gostovanja"]
[Date "2014.01.30"]
[Round "4.2"]
[White "Kremzer, Zdravko"]
[Black "Kobold, Andrej"]
[Result "0-1"]
[WhiteElo "1738"]
[BlackElo "1914"]
[PlyCount "60"]
[EventDate "2014.01.09"]
[EventType "team-tourn"]
[EventRounds "9"]
[EventCountry "SLO"]
[SourceTitle "EXT 2015"]
[Source "ChessBase"]
[SourceDate "2014.11.20"]
[SourceVersion "1"]
[SourceVersionDate "2014.11.20"]
[SourceQuality "1"]
[WhiteTeam "Bor Dob"]
[BlackTeam "Loka Pri Mengsu"]
[WhiteTeamCountry "SLO"]
[BlackTeamCountry "SLO"]

1. d4 Nf6 2. c4 e6 3. Nc3 Bb4 4. Qb3 c5 5. dxc5 Bxc5 6. Bg5 Bxf2+ 7. Kd1 h6 8. Bxf6 gxf6 9. Nf3 Qb6 10. Qxb6 Bxb6 11. Ne4 Ke7 12. c5 Bc7 13. Nc3 Ba5 14. Kc2 Nc6 15. a3 Bxc3 16. Kxc3 b6 17. cxb6 axb6 18. e3 Rg8 19. g3 Bb7 20. Be2 Rac8 21. Kd2 Na5 22. Raf1 Nb3+ 23. Ke1 Rc2 24. Kf2 Bxf3 25. Kxf3 Nd2+ 26. Kf2 Nxf1 27. Rxf1 Rxb2 28. Kf3 Ra8 29. h4 Rxa3 30. Bc4 d5 0-1

[Event "SLO-chT2 West"]
[Site "Ljubljana"]
[Date "2013.11.10"]
[Round "5.4"]
[White "Kobold, Andrej"]
[Black "Bajec, Borut"]
[Result "1/2-1/2"]
[WhiteElo "1908"]
[BlackElo "1835"]
[PlyCount "44"]
[EventDate "2013.11.08"]
[EventType "team"]
[EventRounds "9"]
[EventCountry "SLO"]
[SourceTitle "EXT 2015"]
[Source "ChessBase"]
[SourceDate "2014.11.20"]
[SourceVersion "1"]
[SourceVersionDate "2014.11.20"]
[SourceQuality "1"]
[WhiteTeam "Komenda Popotnik"]
[BlackTeam "Trzin"]
[WhiteTeamCountry "SLO"]
[BlackTeamCountry "SLO"]

1. e4 c5 2. Nf3 Nc6 3. d4 cxd4 4. Nxd4 d6 5. Nc3 Nf6 6. g3 Bd7 7. Bg2 e6 8. 0-0 a6 9. h3 Be7 10. Be3 0-0 11. Nce2 Qc8 12. g4 d5 13. Nxc6 bxc6 14. e5 Ne8 15. Ng3 Rb8 16. b3 c5 17. c3 g6 18. f4 Ng7 19. f5 exf5 20. gxf5 Nxf5 21. Nxf5 Bxf5 22. Qxd5 Bxh3 1/2-1/2

[Event "SLO-chT2 West"]
[Site "Ljubljana"]
[Date "2013.11.09"]
[Round "2.4"]
[White "Baric, Dusan"]
[Black "Kobold, Andrej"]
[Result "1-0"]
[WhiteElo "2074"]
[BlackElo "1908"]
[PlyCount "61"]
[EventDate "2013.11.08"]
[EventType "team"]
[EventRounds "9"]
[EventCountry "SLO"]
[SourceTitle "EXT 2015"]
[Source "ChessBase"]
[SourceDate "2014.11.20"]
[SourceVersion "1"]
[SourceVersionDate "2014.11.20"]
[SourceQuality "1"]
[WhiteTeam "Stari Trg ob Kolpi"]
[BlackTeam "Komenda Popotnik"]
[WhiteTeamCountry "SLO"]
[BlackTeamCountry "SLO"]

1. e4 Nf6 2. e5 Nd5 3. Nf3 d6 4. d4 Bg4 5. Be2 Nc6 6. 0-0 g6 7. h3 Bxf3 8. Bxf3 Nb6 9. a4 a5 10. Nc3 e6 11. Bxc6+ bxc6 12. Ne4 Be7 13. Qf3 d5 14. Nf6+ Bxf6 15. exf6 Nd7 16. Bh6 c5 17. Rfe1 Nf8 18. dxc5 Qd7 19. c4 c6 20. Rad1 0-0-0 21. cxd5 cxd5 22. c6 Qa7 23. Qb3 g5 24. Bxg5 Ng6 25. Be3 Qa8 26. Qb6 e5 27. Bd2 Rd6 28. Rc1 Qb8 29. Qa6+ Kd8 30. c7+ Qxc7 31. Qa8+ 1-0